000 00209 a2200097 4500
020 _a9780553536447
041 _aeng
100 _aJordan Stratford
245 _aThe Wollstonecraft Detective Agency
942 _cBK
999 _c29041
_d29039